[Event "Mittelfranken-chTB2a 1920"]
[Site "Mittelfranken"]
[Date "2019.10.13"]
[Round "1.4"]
[White "Schreiner, Bernd"]
[Black "Zollstab, Juergen"]
[Result "0-1"]
[WhiteElo "1705"]
[BlackElo "1998"]
[PlyCount "84"]
[EventDate "2019.10.13"]
[EventType "team-tourn"]
[EventRounds "9"]
[EventCountry "GER"]
[SourceTitle "EXT 2023"]
[Source "ChessBase"]
[SourceDate "2022.10.05"]
[SourceVersion "1"]
[SourceVersionDate "2022.10.05"]
[SourceQuality "1"]
[WhiteTeam "Heideck/Hilpoltstein II"]
[BlackTeam "Ansbach/Bad Windsheim"]
[WhiteTeamCountry "GER"]
[BlackTeamCountry "GER"]

1. d4 d5 2. c4 e6 3. Nc3 f5 4. Nf3 c6 5. e3 Nf6 6. Bd3 Ne4 7. Ne5 Qg5 8. 0-0 Bd6 9. f4 Qh6 10. Rf3 Bxe5 11. dxe5 Nd7 12. Ne2 Ndc5 13. Bc2 g5 14. b4 g4 15. Rf1 Na6 16. Bxe4 fxe4 17. a3 Bd7 18. cxd5 cxd5 19. Bb2 0-0-0 20. Bd4 Kb8 21. Nc3 Nc7 22. a4 Qf8 23. Bc5 Qf7 24. Bd6 Rc8 25. Qd4 Ka8 26. Nb5 Bxb5 27. axb5 Nxb5 28. Rxa7+ Nxa7 29. Ra1 b5 30. Bc5 Rc7 31. Bb6 Rb7 32. Qc5 Qe7 33. Qd4 Rxb6 34. Qxb6 Rb8 35. Qc5 Qb7 36. Kf2 Qb6 37. Qe7 Rc8 38. Ra2 Rc7 39. Qf8+ Kb7 40. Qg8 d4 41. Ke1 d3 42. Kd2 Qc6 0-1